000 01459nam a2200277 i 4500
001 167281
003 ES-MaACL
005 20250818063108.0
008 010307q18701925sp af |||| | spa d
040 _aCAM
_bspa
_cCAM
080 _a821.133.1-31"18"
100 1 _aVerne, Jules,
_d1828-1905
_9188654
245 1 0 _aDos años de vacaciones /
_cpor Julio Verne ; versión española por Ceferino Terán Puyol.
260 _aMadrid :
_bSáenz de Jubera, Hermanos,
_c[s.a.] (
_fEstablecimiento tipográfico "Sucesores de Rivadeneyra")
300 _a4 v. :
_bil. ;
_c28 cm.
505 8 0 _aContiene: Cuaderno primero (61, [1] p. --Cuaderno segundo (61, [1] p. --Cuaderno tercero (63, [1] p. --Cuaderno cuarto (62, [1] p.
594 1 _aSegún consta en el front. el il. es L. Benett.
594 _aDescripción basada en cuaderno primero. En el cuaderno segundo, tercero y cuarto no figura Ceferino Terán Puyol.
596 _aSáenz de Jubera Hermanos ejerce ca. 1870-1925.
596 1 _aSegún el Catalogo Colectivo del Patrimonio Bibliográfico Español del Siglo XIX, Sáenz de Jubera, hermanos ejercen entre 1892-1895.
597 _aTexto a dos col.
700 1 _aTerán Puyol, Ceferino.
_9133191
700 1 _aBénett, Léon,
_d1839-1916
_927541
852 _aES-MaACL
_jB-12395(4-7)
_z-- Enc. ed. en tela roja con planchas polícromas
_x-- Edic.: el dato de trad. sólo consta en la port. del primer cuaderno
999 _c167281
_d167281